000 06025cam a22020174i 4500
003 PE-LiUPU
005 20250813165500.0
008 171110s2016 sp a rb 001 0 spa d
020 _a8498359627
020 _a9788498359626
035 _a(Sirsi) a240081
040 _aPE-LiUPU
_bspa
_cPE-LiUPU
_erda
049 _aPRUA
082 0 4 _a616.007
_bC7
_220
245 0 0 _aCompetencias en las prácticas clínicas en ciencias de la salud :
_bguía de estrategias y recursos para su desarrollo y evaluación /
_ccoordinadores, Noa Lola Martiáñez Ramírez, M.ª José Terrón López, Tomás Gallego Izquierdo, M.ª José Álvarez Comino, Margarita Rubio Alonso, M.ª Asunción Hernando Jerez.
264 1 _aMadrid :
_bMédica Panamericana,
_c2016.
300 _axxvii, 306 páginas :
_bilustraciones ;
_c24 centímetros
336 _atext
_2rdacontent
337 _aunmediated
_2rdamedia
338 _avolume
_2rdacarrier
504 _aBibliografía al final de cada capítulo.
504 _aIndice : páginas 303-306.
505 0 _aIntroducción a las competencias en ciencias de la salud y contextualización en las prácticas clínicas -- Competencias transversales en las prácticas clínicas en ciencias de la salud. Estrategias y recursos para su desarrollo y evaluación -- Prácticas clínicas externas en ciencias de la salud.
526 _aP203
526 _aP200
526 _aSEG65
526 _aSEG64
526 _aSEG63
526 _aSEG62
526 _aSEG61
526 _aSEG60
526 _aSEG59
526 _aSEG58
526 _aSEG57
526 _aSEG56
526 _aSEG55
526 _aSEG54
526 _aSEG53
526 _aSEG52
526 _aSEG51
526 _aSEG50
526 _aSEG49
526 _aSEG48
526 _aSEG47
526 _aSEG46
526 _aSEG24
526 _aSEG23
526 _aSEG22
526 _aSEG21
526 _aSEG20
526 _aSEG19
526 _aSEG18
526 _aSEG17
526 _aSEG16
526 _aSEG14
526 _aSEG13
526 _aSEG12
526 _aSEG11
526 _aSEG10
526 _aSEG09
526 _aSEG06
526 _aSEG05
526 _aSEG04
526 _aSEG03
526 _aSEG02
526 _aSEG68
526 _aSEG66
526 _aSEG45
526 _aSEG25
526 _aSEG01
526 _aP163
526 _aP162
526 _aP161
526 _aP160
526 _aP159
526 _aP158
526 _aP157
526 _aP156
526 _aP155
526 _aP154
526 _aP153
526 _aP152
526 _aP151
526 _aP150
526 _aP149
526 _aP142
526 _aP141
526 _aP140
526 _aP139
526 _aP138
526 _aP137
526 _aP132
526 _aP131
526 _aP130
526 _aP126
526 _aP125
526 _aP124
526 _aP123
526 _aP115
526 _aP122
526 _aP121
526 _aP116
526 _a P114
526 _aP112
526 _aP111
526 _aP104
526 _aP103
526 _aP102
526 _aP101
526 _aP100
526 _aP96
526 _aP95
526 _aP93
526 _aP92
526 _aP91
526 _aP88
526 _aP83
526 _aP82
526 _aP79
526 _aP78
526 _aP75
526 _aP74
526 _aP71
526 _aP69
526 _a P51
526 _aP49
526 _aP48
526 _aP47
526 _aP33
526 _aP31
526 _a P30
526 _aP29
526 _aP27
526 _aP26
526 _aP25
526 _aP24
526 _a P22
526 _aP10
526 _aP09
526 _a P08
526 _aP06
526 _aP05
526 _aP04
526 _aP01
541 _g0001-000543;
541 _g0001-000564;
541 _g002-00000056;
541 _g0001-000577;
650 0 4 _aCiencias de la Salud
_xEstudio y enseñanza.
650 0 4 _aEnfermería
_xOrientación profesional.
650 0 4 _aHealth Sciences
_xStudy and teaching.
650 0 4 _aNursing
_xProfessional orientation.
700 1 _aMartiáñez Ramírez, Noa Lola,
_ecoordinador.
700 1 _aTerrón López, José,
_ecoordinador.
700 1 _aGallego Izquierdo, Tomas,
_ecoordinador.
700 1 _aÁlvarez Comino, José,
_ecoordinador.
700 1 _aRubio Alonso, Margarita,
_ecoordinador.
700 1 _aHernando Jerez, Asunción,
_ecoordinador.
910 _adbm
_bncf
_cncf
_d20171114
910 _admb
_bksl
_cksl
_d20180302
910 _admb
_bksl
_cksl
_d20180530
910 _adbm
_bncf
_cncf
_d20180702
942 _2ddc
_cBOOK
994 _aC0
_bPEPRU
596 _a1
999 _a616.007 C7
_wDEWEY
_c25744
_i77128
_d25744
_e2018-11-14
_f2021-11-4
_g4
_lCCODEBUL1
_mBUL
_n1
_p38.66
_q1
_r0
_sY
_tBOOK
_u2017-11-14
_xSALUD
_zP30
_0COMPRA
_o.STAFF. Colección Ciencias de la Salud
999 _a616.007 C7
_wDEWEY
_c2
_i77129
_f2021-11-4
_g4
_lCCODEBUL1
_mBUL
_p38.66
_r0
_sY
_tBOOK
_u2017-11-14
_xSALUD
_zP30
_0COMPRA
_o.STAFF. Colección Ciencias de la Salud
999 _a616.007 C7
_wDEWEY
_c3
_i78131
_d2018-10-18
_f2021-11-4
_g7
_lCCODEBUL1
_mBUL
_p47.70
_q1
_r0
_sY
_tBOOK
_u2018-3-2
_xSALUD
_zP30
_0COMPRA
_1FCOMPRA
_o.STAFF. Colección Ciencias de la Salud
999 _a616.007 C7
_wDEWEY
_c4
_i78519
_f2021-11-4
_g4
_lCCODEBUL1
_mBUL
_p38.75
_r0
_sY
_tBOOK
_u2018-5-30
_xSALUD
_PP22
_0COMPRA
_1FCOMPRA
_o.STAFF. Colección Ciencias de la Salud
999 _a616.007 C7
_wDEWEY
_c5
_i78939
_d2019-10-10
_f2021-11-4
_g4
_lCCODEBUL1
_mBUL
_p50.34
_q1
_r0
_sY
_tBOOK
_u2018-7-3
_xSALUD
_zP22
_0COMPRA
_1FCOMPRA
_o.STAFF. Colección Ciencias de la Salud
980 _81
_gALBERTO SANCHEZ Responsable de Automatización